Medios, política y poder : la conformación de los multimedios en la argentina de los 90 /

Guardado en:
Autor Principal: Vialey, Patricia
Otros Autores: Castro, Jorge, Tovar, Christian
Formato: Libro
Publicado: La Plata : Universidad Nacional de La Plata, 2003
Series:Ediciones de Periodismo y Comunicación
Materias:
Etiquetas: Agregar Etiqueta
Sin Etiquetas, Sea el primero en etiquetar este registro!
LEADER 00817nam a22002415a 4500
001 CEM.cems011352
005 20080428114335.0
008 130507s2003##################000#0#####d
003 CEMS
020 |a 9503402530 
082 0 4 |a 384 
100 1 |a Vialey, Patricia 
245 1 0 |a Medios, política y poder :  |b la conformación de los multimedios en la argentina de los 90 /  |c Patricia Vialey, Jorge Castro, Christian Tovar 
260 |a La Plata :  |b Universidad Nacional de La Plata,  |c 2003 
300 |a 110 p. 
490 0 |a Ediciones de Periodismo y Comunicación 
653 |a Comunicación 
653 |a Medios masivos de comunicación 
653 |a Multimedios 
653 |a Argentina-multimedios 
700 1 |a Castro, Jorge 
700 1 |a Tovar, Christian 
859 |a CEMS  |b BIB. CEMS - 11 de abril  |h 384  |i V654  |p 22288.03  |t Ej.1